000 00359nam a2200157Ia 4500
008 220923s9999 xx 000 0 und d
020 _a9788190948463
082 _bTRI
100 _aTRIPATHI, B.N.MANI
245 0 _aLECTURES ON CODE OF CRIMINAL PROCEDURE
250 _a1ST
260 _c2013
300 _a234
650 _aCriminal Law
942 _cBK
999 _c196004
_d196004